Central Library OPAC University of Rajshahi

ادبی مقالے ;; Adabī maqāle / (Record no. 84915)

MARC details
000 -LEADER
fixed length control field 00893cam a2200265 a 4500
001 - CONTROL NUMBER
control field 84915
003 - CONTROL NUMBER IDENTIFIER
rucl marc code BD-RjUL
005 - DATE AND TIME OF LATEST TRANSACTION
control field 20250512162422.0
008 - FIXED-LENGTH DATA ELEMENTS--GENERAL INFORMATION
fixed length control field 250513s1983 ii b 001 0 urdo
020 ## - INTERNATIONAL STANDARD BOOK NUMBER
Terms of availability Rs60.00
035 ## - SYSTEM CONTROL NUMBER
System control number (BD-RjUL) 84915
040 ## - CATALOGING SOURCE
Original cataloging agency DLC
Transcribing agency DLC
Modifying agency DLC
Language of cataloging eng
041 ## - LANGUAGE CODE
Language code of text/sound track or separate title urd
082 ## - DEWEY DECIMAL CLASSIFICATION NUMBER
Edition number 23
Classification number 891.43909
Author mark and year KHA 1983
100 0# - MAIN ENTRY--PERSONAL NAME
Personal name خان ، کاظم علی ;; K̲h̲ān̲, Kāẓim ʻAlī
Dates associated with a name 1938-
9 (RLIN) 15442
245 10 - TITLE STATEMENT
Title ادبی مقالے ;; Adabī maqāle /
Statement of responsibility, etc. کاظم علی خان ;; Kāẓim ʻAlī K̲h̲ān̲.
260 ## - PUBLICATION, DISTRIBUTION, ETC. (IMPRINT)
Place of publication, distribution, etc. Lakhnaʼū :
Name of publisher, distributor, etc. Kāẓim ʻAlī K̲h̲ān̲,
Date of publication, distribution, etc. 1983.
300 ## - PHYSICAL DESCRIPTION
Pagination 560 p. ;
Size 22 cm.
500 ## - GENERAL NOTE
General note In Urdu.
General note Includes indexes.
504 ## - BIBLIOGRAPHY, ETC. NOTE
Bibliography, etc Bibliography: p. 526-543.
520 ## - SUMMARY, ETC.
Summary, etc. Critical and research articles on Urdu poetry.
650 #0 - SUBJECT ADDED ENTRY--TOPICAL TERM
Topical term or geographic name as entry element Urdu poetry
Chronological subdivision 20th century
General subdivision History and criticism.
9 (RLIN) 15443
942 ## - ADDED ENTRY ELEMENTS (KOHA)
Source of classification or shelving scheme Dewey Decimal Classification
Koha item type Books
Holdings
Lost status Source of classification or shelving scheme Damaged status Not for loan Collection code Permanent Location Current Location Shelving location Date acquired Source of acquisition Cost, normal purchase price Total Checkouts Full call number Date last seen Copy number Koha item type
  Dewey Decimal Classification   Not For Loan Non-fiction Central Library, University of Rajshahi Central Library, University of Rajshahi Reading Room   Karim International 60.00   U 891.43909 KHA 1983 12/05/2025 C-1 Books